Quizzes
Events
Quiz Creation
Community
Videos
Private Events
Remove Ads
Sign In
Join for FREE
Feedback
Dark Mode
Quiz Categories
Sports
Geography
Music
Movies
Television
Just For Fun
Miscellaneous
History
Literature
Language
Science
Gaming
Entertainment
Religion
Holiday
For Kids
Quiz Lab
Recent
Popular Today
Quiz Kudos Today
Editor Picks
Curator Picks
Quizzes by...
Day
Popularity
Type
Ratings
Length
Year
Community
Subscriptions
Recent Discussions
Orange Saloon
Badges
Playlists
Quests
Create
Leaderboards
Showdown
Live 5
Trivia Bingo
Activity
Puzzle Library
Sporcle Events
Private Events
Virtual Trivia
Globe League
Become a Host
Pub Owners
SporcleCon
Opinionation
Our Games
Videos
Blog
Mobile Apps
Partnerships
Remove Ads and Go Orange
Feedback
Movies
Disney
Marvel Cinematic Universe
Movie Resume
Movie Titles
Oscar
Actor
Actress
Director
Pixar
Role
Movie Quotes
Movie Characters
Box Office
Nominee
Best Picture
Star Wars
James Bond
Horror Movies
Movies
Disney
Marvel Cinematic Universe
Movie Resume
Movie Titles
Oscar
Actor
Actress
Director
Pixar
Role
Movie Quotes
Movie Characters
Box Office
Nominee
Best Picture
Star Wars
James Bond
Horror Movies
Random Quiz
Search Sporcle
×
Curator Pick
Curator Pick
Movies
Actress
Type in answers that appear in a list
Type in answers that appear in a list
Classic
Best Score? Go Orange.
Acting Oscars Won By African-Americans Stats
Can you name the African-American actors and actresses who have won an Academy Award for acting in a movie?
By
LoneStarDown
6m
19 Questions
1,634 Plays
1,634 Plays
1,634 Plays
Comments
Comments
Give Quiz Kudos
Give Quiz Kudos
-
- Ratings
hide this ad
Replay
Link that replays current quiz
Next Quiz
Link to next quiz in quiz playlist
You Got
0%
They Got
Avg Score
57%
Avg Friend Score
Upgrade to see
Score Distribution
Jump to the score distribution portion of the page
Score
0/19
Timer
06:00
0
Plays Today
Year of Film / Award Won
Actor or Actress
% Correct
1989-
Best Supporting Actor
Denzel Washington
96.9%
2001-
Best Actor
Denzel Washington
96.9%
2001-
Best Actress
Halle Berry
94.1%
2016-
Best Supporting Actress
Viola Davis
88.8%
1963-
Best Actor
Sidney Poitier
88.7%
2018-
Best Supporting Actor
Mahershala Ali
85.3%
2016-
Best Supporting Actor
Mahershala Ali
85.3%
2004-
Best Supporting Actor
Morgan Freeman
79.4%
2004-
Best Actor
Jamie Foxx
77.6%
2006-
Best Actor
Forest Whitaker
71.9%
Year of Film / Award Won
Actor or Actress
% Correct
2018-
Best Supporting Actress
Regina King
71.9%
2011-
Best Supporting Actress
Octavia Spencer
71.6%
1939-
Best Supporting Actress
Hattie McDaniel
70.5%
1990-
Best Supporting Actress
Whoopi Goldberg
66.6%
2013-
Best Supporting Actress
Lupita Nyong'o
63.3%
2009-
Best Supporting Actress
Mo'Nique
63.1%
1996-
Best Supporting Actor
Cuba Gooding, Jr.
62.8%
2006-
Best Supporting Actress
Jennifer Hudson
57.9%
1982-
Best Supporting Actor
Louis Gossett, Jr.
49.4%
Quiz Playlist
Details
Report
Send in Message
Add To Playlist
Classic:
Type in answers that appear in a list
Quiz Source
Last Updated: May 18, 2020
Curator Pick in
Actress
Quiz Scoreboard
CHALLENGE
Sign Up to Join the Scoreboard
Show All
Scores
Hide
Comments
May contain spoilers
Recently Published
Billboard Blitz: Fleetwood Mac
by CooCooCachoo
Music
15s
Presidents Visiting Landmarks
by Hejman
History
7m
An Introduction to Baseball
by treessimontrees
Sports
5m
More to Explore
Quiz From the Vault
Featured Blog Post
Where Did the Easter Bunny Come From?
hide this ad
You Might Also Like...
Tags
Actor Quiz
Actress Quiz
Oscar Quiz
Academy
African American
Award
Won
Today's Top Quizzes in Movies
Browse Movies
hide this ad
Today's Top Quizzes in Actress
Browse Actress
Top Contributed Quizzes in Movies
1
Pick 5 Posters: Directed by Spielberg
2
7-to-1: Pixar Characters
3
Pick 5 Posters: Lowest-Rated Spielberg
4
Pick 5 Posters: Directed by Scorsese
5
Sorting Actors
6
Sorting Actresses
7
Pick 5 Posters: Star & Director
8
Pick 5 Posters: Women Directed 2020s
9
12 Movies about Fictional 1960s Events
10
Multi-Oscar Nominations, One Movie, One Winner
Explore More
Trending Topics
Harry Potter
Crossword
Disney
Kpop
NBA
Marvel
Anime
Song
WWE
The Office
NFL
Puzzle
Soccer
Country
Pokémon
hide this ad
More By:
LoneStarDown
Quiz
Plays
Rating
Category
Featured
Created
Same-Team NBA All-Star Trios and Quartets
23,289
4.39
Sports
Jul 13, 2010
NBA All-Stars With No College Experience
21,036
4.15
Sports
Jun 5, 2010
NBA All-Defensive Team Duos and Trios
4,713
4.37
Sports
Jul 15, 2010
All-NBA Duos and Trios
3,684
4.28
Sports
Jul 27, 2010
Acting Oscars Won By African-Americans
1,634
4.43
Movies
Jun 16, 2010
Go to Creator's Profile
Score Distribution
Quiz Creator Spotlight
LoneStarDown
Follow
Send a Message
Quizzes Created
-
Created Quiz Play Count
-
More By This Creator
Popular Quizzes Today
1
Find the US States - No Outlines Minefield
2
Find the Countries of Europe - No Outlines Minefield
3
The Countries of the World
4
Find the US States
5
Popular People in 1961
6
US States
7
Risky Map Clicking: Biggest States A-Z
8
Movies - When Are They Set?
More Movies Quizzes
20 to 1 - An Actor's Resume - Remix
Quiz Lab
Trending Quizzes
Risky Map Clicking: Least Populous States A-Z
1-10 Letter G Words
1-10 Letter F Words
Risky Map Clicking: Next State Alphabetically
'A' Boys' Names Grid
Recently Updated
Leaping Animals
pecheneg
Reality TV Shows (A-Z)
bhenderson79
Rickey Henderson's Hall of Fame Teammates
pecheneg
Champions League XIs: Arsenal
pecheneg
Quick Pick: Celebrities in WWE's Hall of Fame
aduchscher
A-Z Keypad Blitz II
pecheneg
Multiple Oscar Actors
pecheneg
Mystery Phrase Blitz: Oscar 'Best Actors'
pecheneg
F. Scott Fitzgerald Novels
LTH
Pick 3 Villains
ddd62291
Trending Topics
Crossword
Kpop
Harry Potter
Anime
Disney
Marvel
NBA
Song
WWE
Pokémon
The Office
Soccer
NFL
Country
Puzzle
Your Account Isn't Verified!
In order to create a playlist on Sporcle, you need to verify the email address you used during registration. Go to your
Sporcle Settings
to finish the process.
Report this User
Report this user for behavior that violates our
Community Guidelines
.
Details:
Send Report
Go to the Sporcle.com Mobile Site →
Comments